000 00606nam a2200229Ia 4500
005 20260429112142.0
008 260429s9999||||xx |||||||||||||| ||und||
020 _a9783031206382
041 _aEnglish
082 _a006.3
_bSOM
100 _aSomani, Ayush
245 0 _aInterpretability in deep learning /
_cAyush Somani
250 _a1st ed.
260 _aSwitzerland :
_bSpringer,
_c2023.
300 _axx, 465 p.; hb
650 _a Knowleddge encoding
650 _a Neural networks
650 _aDeep learning
700 _a Horch, Alexander
700 _a Prasad, Dilip K.
942 _cTB
999 _c52613
_d52613